| Tag |
First Indicator |
Second Indicator |
Subfields |
| LEADER |
00000cam a22000001 4500 |
| 001 |
in00003521621 |
| 005 |
20151206124135.0 |
| 008 |
731227s1915 ksucfh b 000 0beng |
| 010 |
|
|
|a 16000737
|
| 019 |
|
|
|a 27414698
|a 32723819
|
| 035 |
|
|
|a (OCoLC)ocm00767207
|
| 035 |
|
|
|a (OCoLC)767207
|z (OCoLC)27414698
|z (OCoLC)32723819
|
| 040 |
|
|
|a DLC
|b eng
|c KSU
|d DLC
|d KRTAS
|d AMAZN
|d OCLCO
|d OCLCQ
|d OCLCF
|d UtOrBLW
|
| 049 |
|
|
|a TXAM
|
| 050 |
0 |
0 |
|a PN4874.N3
|b W5
|
| 082 |
0 |
4 |
|a 920.5
|
| 090 |
|
|
|a PN4874.N3
|b W5 1915
|
| 245 |
0 |
0 |
|a William Rockhill Nelson ;
|b the story of a man, a newspaper and a city /
|c by members of the staff of the Kansas City star.
|
| 264 |
|
3 |
|a Cambridge :
|b Printed at the Riverside Press,
|c 1915.
|
| 300 |
|
|
|a 4 preliminary leaves, 274 pages :
|b frontispiece, plates, portraits, facsimiles ;
|c 23 cm
|
| 336 |
|
|
|a text
|b txt
|2 rdacontent
|
| 337 |
|
|
|a unmediated
|b n
|2 rdamedia
|
| 338 |
|
|
|a volume
|b nc
|2 rdacarrier
|
| 504 |
|
|
|a Appendix [Excerpts from newspaper comments on Mr. Nelson's death]: pages [205]-274.
|
| 530 |
|
|
|a Also available in digital form on the Internet Archive Web site.
|
| 600 |
1 |
0 |
|a Nelson, William Rockhill,
|d 1841-1915.
|
| 600 |
1 |
7 |
|a Nelson, William Rockhill,
|d 1841-1915.
|2 fast
|0 (OCoLC)fst00063587
|
| 730 |
0 |
|
|a Kansas City star (Kansas City, Mo. : 1885)
|
| 776 |
0 |
8 |
|i Online version:
|t William Rockhill Nelson.
|d Cambridge, Printed at the Riverside Press, 1915
|w (OCoLC)591903324
|
| 856 |
4 |
1 |
|u http://hdl.loc.gov/loc.gdc/scd0001.00222046683
|t 0
|
| 938 |
|
|
|a AMAZON
|b AMZN
|n B002KQ5RUA
|
| 938 |
|
|
|a Kirtas Technologies, Inc.
|b KRTS
|n 720942
|
| 948 |
|
|
|a cataloged
|b h
|c 2014/11/13
|d c
|e junters
|f 12:38:59 pm
|
| 994 |
|
|
|a C0
|b TXA
|
| 999 |
|
|
|a MARS
|
| 999 |
f |
f |
|s d3fef734-17dc-3c9b-95ec-c05f5ac86b80
|i e871cdf3-d73d-3a51-bfc6-084c891d2b5e
|t 0
|
| 952 |
f |
f |
|p noncirc
|a Texas A&M University
|b College Station
|c Cushing Memorial Library & Archives
|d Cushing: Dykes (Does not check out)
|t 0
|e PN4874.N3 W5 1915
|h Library of Congress classification
|i unmediated -- volume
|m A14851757014
|
| 998 |
f |
f |
|a PN4874.N3 W5 1915
|t 0
|l Cushing: Dykes (Does not check out)
|